| 000 | 00734nam a2200205Ia 4500 | ||
|---|---|---|---|
| 008 | 100315s9999 xx 000 0 und d | ||
| 020 | _a8121926629 | ||
| 040 | _cENGLISH | ||
| 082 |
_b5885 _a657.046 |
||
| 100 | _a"Pillai, R.S.N., Bagavathi, Uma, S. " | ||
| 245 | _aFundamentals of Advanced Accounting | ||
| 260 |
_aNew Delhi _b"Chand, S " _c2006 |
||
| 300 | _a994p. | ||
| 365 |
_eRupees _d1 _b300.00 |
||
| 366 | _f0 | ||
| 620 | _a"Recording of financial data, Trial Balance, Bills of exchange, Final Accounts, Capital & Revenue, Single Entry, Contract Accounts, Royalty Accounts " | ||
| 630 | _aFundamentals of Advanced Accounting | ||
| 730 | _aFundamentals of Advanced Accounting | ||
| 942 | _cBOOK | ||
| 999 |
_c480620 _d480617 |
||